| Tag |
First Indicator |
Second Indicator |
Subfields |
| LEADER |
00000cam a2200000 a 4500 |
| 001 |
in00000015665 |
| 005 |
20151007052555.0 |
| 008 |
871109s1988 nyua b 00100 eng |
| 010 |
|
|
|a 87032172
|
| 020 |
|
|
|a 0306426315
|
| 035 |
|
|
|a (OCoLC)17234132
|
| 035 |
|
|
|9 AAA8339AM
|
| 040 |
|
|
|a DLC
|c DLC
|d TXA
|d UtOrBLW
|
| 043 |
|
|
|a n-us---
|
| 049 |
|
|
|a TXAM
|c [A11489905]
|
| 050 |
0 |
0 |
|a E184.A1
|b E39 1988
|
| 082 |
0 |
|
|a 305.8/00973
|2 19
|
| 245 |
0 |
0 |
|a Eliminating racism :
|b profiles in controversy /
|c edited by Phyllis A. Katz and Dalmas A. Taylor.
|
| 264 |
|
1 |
|a New York :
|b Plenum Press,
|c [1988]
|
| 264 |
|
4 |
|c ©1988
|
| 300 |
|
|
|a xxiii, 380 pages :
|b illustrations ;
|c 26 cm.
|
| 336 |
|
|
|a text
|b txt
|2 rdacontent
|
| 337 |
|
|
|a unmediated
|b n
|2 rdamedia
|
| 338 |
|
|
|a volume
|b nc
|2 rdacarrier
|
| 490 |
1 |
|
|a Perspectives in social psychology
|
| 500 |
|
|
|a "Published under the auspices of the Society for the Psychological Study of Social Issues."
|
| 504 |
|
|
|a Includes bibliographies and indexes.
|
| 650 |
|
0 |
|a Racism
|z United States.
|
| 651 |
|
0 |
|a United States
|x Race relations.
|
| 700 |
1 |
|
|a Katz, Phyllis A.
|
| 700 |
1 |
|
|a Taylor, Dalmas A.
|q (Dalmas Arnold),
|d 1933-
|
| 830 |
|
0 |
|a Perspectives in social psychology.
|
| 999 |
|
|
|a MARS
|
| 999 |
f |
f |
|s efd818db-308d-3422-a640-7c3ed18d9f3d
|i b2feeb02-cf84-3e5d-aad5-83afc93297a6
|t 0
|
| 952 |
f |
f |
|p ric
|a Texas A&M University
|b Rellis Campus
|c Joint Library Facility
|d Remote Storage
|t 0
|e E184.A1 E39 1988
|h Library of Congress classification
|i unmediated -- volume
|m A14811489905
|
| 998 |
f |
f |
|a E184.A1 E39 1988
|t 0
|l Remote Storage
|